| 000 | 00447nam a22001457a 4500 | ||
|---|---|---|---|
| 005 | 20160126102330.0 | ||
| 008 | 160126b xxu||||| |||| 00| 0 eng d | ||
| 050 | _aSPC SK255.R5L48 1911 | ||
| 100 |
_aLetcher, Owen _921740 |
||
| 245 |
_aBig game hunting in North-Eastern Rhodesia _cby Letcher, Owen |
||
| 260 |
_aLondon _bJohn Long _c1911 |
||
| 300 |
_axii, 266p.; _c23cm. |
||
| 650 |
_aBig game hunting _zZimbabwe _921756 |
||
| 942 |
_2lcc _cSPC |
||
| 999 |
_c124022 _d124022 |
||